O los resolvemos entre rodos o en este país no habrá solución a los problemas nacionales
Bewaard in:
| Hoofdauteur: | |
|---|---|
| Formaat: | Onbekend |
| Gepubliceerd in: |
San José :
|
| Tags: |
Voeg label toe
Geen labels, Wees de eerste die dit record labelt!
|
MARC
| LEADER | 00000 a2200000 04500 | ||
|---|---|---|---|
| 001 | 15455 | ||
| 003 | |||
| 008 | 991231s d | ||
| 040 | |||
| 090 | |a EXTRAVIADO | ||
| 100 | |a Carazo Odio, Rodrigo | ||
| 245 | |a O los resolvemos entre rodos o en este país no habrá solución a los problemas nacionales | ||
| 260 | |a San José : | ||
| 999 | |c 11594 |d 11594 | ||
